SZA - BMF (All Lyrics) - Statistics

General Stats
  • This quiz has been taken 14 times
  • The average score is 254 of 400
Answer Stats
Answer % Correct
a
100%
and
100%
can
100%
can't
100%
dark
100%
fine
100%
handsome,
100%
handsome
100%
I
100%
my
100%
the
100%
you
100%
You
100%
you?
100%
Young
100%
be
91%
be-
91%
from
91%
he
91%
He
91%
I'm
91%
keep
91%
man
91%
to
91%
boy
82%
boy,
82%
Detroit
82%
dropping
82%
dropping,
82%
he's
82%
hoes
82%
in,
82%
in
82%
It
82%
it
82%
panties
82%
so
82%
South
82%
that
82%
we
82%
fly,
73%
fly
73%
make
73%
me,
73%
me
73%
on,
73%
too
73%
walkin'
73%
all
64%
All
64%
came
64%
fast
64%
fast,
64%
got
64%
Oh-oh
64%
oh-oh
64%
one
64%
Ooh
64%
ooh
64%
walking
64%
when
64%
your
64%
bossing
55%
don't
55%
energy
55%
every
55%
no
55%
of
55%
side
55%
tall
55%
That's
55%
why
55%
with
55%
action
45%
anything
45%
but
45%
Compton
45%
different
45%
give
45%
Going
45%
good
45%
hood,
45%
hurt
45%
if
45%
it's
45%
lies
45%
like
45%
Love
45%
not
45%
play
45%
pretend
45%
problem,
45%
say
45%
somewhere
45%
still
45%
tell
45%
up
45%
up,
45%
West
45%
what
45%
won't
45%
yourself,
45%
yourself.
45%
Blowin'
36%
bossy,
36%
Compliment
36%
crip
36%
cute
36%
die,
36%
feel
36%
for
36%
fucks
36%
get
36%
Handle
36%
hella
36%
is
36%
just
36%
kinda
36%
know
36%
Know
36%
last
36%
last,
36%
laying
36%
money
36%
Mr.
36%
next
36%
or
36%
pull
36%
ride
36%
this
36%
Trust
36%
ask
27%
baby
27%
been
27%
could
27%
finna
27%
hear
27%
might
27%
much,
27%
packing
27%
packing,
27%
Pop
27%
Slauson
27%
them
27%
trickin'
27%
Trickin',
27%
tryna
27%
Tryna
27%
would
27%
away
18%
backwards,
18%
bone
18%
call
18%
crash,
18%
crash
18%
drive
18%
him
18%
hold
18%
Jane
18%
name,
18%
out
18%
pill
18%
Put
18%
ransom
18%
ruckus,
18%
ruler,
18%
screw
18%
show
18%
shy
18%
slut
18%
Tarzan
18%
today
18%
Took
18%
toss
18%
we'll
18%
'bout
9%
chickens
9%
down
9%
dumping
9%
Ecstacy
9%
fall
9%
I'll
9%
lacking,
9%
let
9%
Other
9%
strongest
9%
stuck
9%
Talkin,
9%
Cruise
0%
night
0%
No matching quizzes found
Score Distribution
Percent of People with Each Score
Percentile by Number Answered
Your Score History
You have not taken this quiz